00828nas a2200229Ia 4500001001300000003001000013008004100023040002500064041001300089100001100102210002100113222002100134245008100155250001100236260000900247501012300256300001200379362002000391500014400411650003200555700001100587dg118-53638 IT-MiCISF161014c99999999xx |||||||||||| ||und|| aIT-MiCISFcIT-MiCISF aITALIANO aAA.VV. aTrentinofamiglia aTrentinofamiglia 0aDossier politiche familiarib 10 anni di informazione dedicata alle famiglie a1a ed. c2016 bCISF - Centro Internazionale Studi Famiglia - Via Giotto, 36 20145 MILANO (non commercial uses only)cCopyright 2016 app. 217 a n. 4.12 [2016] aTema: politica-familiare, territorio, indirizzi, esperienze - Provincia Autonoma di Trento, Forum delle Associazioni Familiari del Trentino apolitica-familiarevdossier aAA.VV.